000 00373nam a2200145Ia 4500
008 240729s9999 xx 000 0 und d
022 _a2630-0400
245 0 _aResearch & Knowledge
260 _aThailand
260 _bMahasarakham University
650 _aScience
856 _uhttps://doaj.org/toc/ddc66095ac9347c382907233cf16a1dc
942 _2ddc
942 _cDOAJEJ
999 _c73489
_d73489
945 _a1
_bMadushi Gamage
_c1
_dMadushi Gamage